00926nam a2200229Ia 4500952011500000952009700115999001700212005001700229008004100246020001500287050002400302082002700326100003600353245002100389250001900410260004900429300002500478500008900503519004400592650004800636942001200684 00104070a01b01d2007-09-08l4o345.72056 M611aa 2007p01 011237r2019-03-12s2019-03-12t1w2012-06-24yLB 00104070a15b15d2007-02-19l0o347.95026 A265Ap15 002091r2017-12-07t1w2012-06-28yLB c60385d6038520231102150658.0120622s2007 mx rl 000 0 spa d a9706769617 4aKGF2703.6bA44 2007 4a345.72056bM611aa 2007 aMéxico. Leyes, decretos, etc. aAgenda de Amparo a13a. edición3 aMéxicob : Ediciones Fiscales ISEFc, 2007 apaginación variada aContiene las disposiciones publicadas hasta la fecha de impresión de este producto aMaterial Complementario / d(01 011237) 0aRECURSOS DE AMPAROvLEGISLACIÓNzMÉXICO cLB2lcc